[Event "Campeoanto del Mundo Femenino Equipos"]
[Site "Ekaterinburg RUS"]
[Date "2007.05.20"]
[Round "1.13"]
[White "Ruan, Lufei"]
[Black "Hoang Thi Bao, Tram"]
[Result "1-0"]
[WhiteElo "2370"]
[BlackElo "2317"]
[PlyCount "141"]
[EventDate "2007.05.20"]
[EventType "team"]
[EventCountry "RUS"]
[Source "lmi"]
[SourceDate "2007.05.19"]

1. e4 c6 2. d4 d5 3. Nd2 dxe4 4. Nxe4 Nd7 5. Ng5 Ngf6 6. Bd3 e6 7. Qe2 Bd6 8.
N1f3 h6 9. Ne4 Nxe4 10. Qxe4 Nf6 11. Qe2 Qc7 12. Bd2 b6 13. O-O-O Bb7 14. Kb1
O-O-O 15. Ba6 Bxa6 16. Qxa6+ Kb8 17. Qe2 c5 18. g3 Ka8 19. dxc5 Bxc5 20. Ne5
Qb7 21. Rhe1 Rc8 22. f3 Rc7 23. c4 Rhc8 24. Bc3 Ne8 25. b3 Ba3 26. Qe4 Qxe4+
27. Rxe4 Nd6 28. Re2 b5 29. Bb2 Bxb2 30. Kxb2 Nf5 31. cxb5 f6 32. Nc6 e5 33. a4
a6 34. Red2 axb5 35. axb5 Kb7 36. Ra1 Nd4 37. Nxd4 exd4 38. Ra6 Rd7 39. Ra4
Rcd8 40. Ka3 d3 41. Rc4 Re8 42. Kb4 Re5 43. Re4 Red5 44. Re6 Rc7 45. Re3 Rcd7
46. Kc4 Kb6 47. Rexd3 Rc5+ 48. Kb4 Rxb5+ 49. Kc3 Rc7+ 50. Kb2 Rf5 51. f4 g5 52.
Rd5 Rxd5 53. Rxd5 gxf4 54. gxf4 Rg7 55. Kc3 Rg2 56. Rd2 Rg4 57. Rf2 Kc5 58. b4+
Kd5 59. b5 Kc5 60. Kd3 Kxb5 61. Ke4 h5 62. Kf5 Kc4 63. Kxf6 Kd4 64. f5 Ke3 65.
Ra2 Kf3 66. Ke6 h4 67. f6 h3 68. Ra5 Rg6 69. Ke7 Rg8 70. f7 Rb8 71. f8=Q+ 1-0

[Event "Campeoanto del Mundo Femenino Equipos"]
[Site "Ekaterinburg RUS"]
[Date "2007.05.20"]
[Round "1.21"]
[White "Socko, Monika"]
[Black "Sabure, Tuduetso"]
[Result "1-0"]
[WhiteElo "2481"]
[BlackElo "2067"]
[PlyCount "56"]
[EventDate "2007.05.20"]
[EventType "team"]
[EventCountry "RUS"]
[Source "lmi"]
[SourceDate "2007.05.19"]

1. e4 c5 2. b3 Nc6 3. Bb2 e5 4. Bb5 Nge7 5. Ne2 a6 6. Bxc6 Nxc6 7. Nbc3 Be7 8.
O-O O-O 9. Nd5 Bg5 10. f4 exf4 11. Nexf4 Ne7 12. Qf3 Nxd5 13. Nxd5 d6 14. Qg3
Be6 15. Nf6+ Kh8 16. Qxg5 Rc8 17. Qg3 Rg8 18. Nxg8 Qxg8 19. Qxd6 h6 20. Rf3 Rc6
21. Qe5 Bc8 22. Raf1 f6 23. Qh5 Kh7 24. Rg3 g6 25. Qf3 f5 26. Qc3 Qf8 27. exf5
g5 28. Re3 Bxf5 1-0

[Event "Campeoanto del Mundo Femenino Equipos"]
[Site "Ekaterinburg RUS"]
[Date "2007.05.20"]
[Round "1.23"]
[White "Szczepkowska, Karina"]
[Black "Sabure, Ontiretse"]
[Result "1-0"]
[WhiteElo "2324"]
[BlackElo "2067"]
[PlyCount "89"]
[EventDate "2007.05.20"]
[EventType "team"]
[EventCountry "RUS"]
[Source "lmi"]
[SourceDate "2007.05.19"]

1. e4 e5 2. Nf3 Nc6 3. d4 exd4 4. Bc4 d6 5. Nxd4 Ne5 6. Be2 Nf6 7. Nc3 Bd7 8.
h3 h6 9. Be3 c6 10. f4 Ng6 11. Bf3 Nh4 12. Bf2 Nh7 13. O-O Nxf3+ 14. Qxf3 Qc7
15. b4 Be7 16. Rad1 O-O 17. a3 Be6 18. Nxe6 fxe6 19. Qg4 Rf6 20. Bd4 e5 21.
fxe5 dxe5 22. Rxf6 Bxf6 23. Be3 Qc8 24. Qxc8+ Rxc8 25. Rd7 Ra8 26. Rxb7 a5 27.
b5 cxb5 28. Rxb5 Ng5 29. Bxg5 Bxg5 30. Nd5 Rc8 31. Rxa5 Rxc2 32. Nb4 Be3+ 33.
Kh1 Rc1+ 34. Kh2 Bg1+ 35. Kg3 Rc3+ 36. Kg4 Bh2 37. Kf5 Rg3 38. Ra8+ Kh7 39. a4
Rxg2 40. a5 Rg6 41. Rh8+ Kxh8 42. Kxg6 Bf4 43. Nd5 Bg3 44. a6 Bf2 45. Ne7 1-0

[Event "Campeoanto del Mundo Femenino Equipos"]
[Site "Ekaterinburg RUS"]
[Date "2007.05.20"]
[Round "1.32"]
[White "Kachiani Gersinska, Ketino"]
[Black "Kosintseva, Nadezhda"]
[Result "1/2-1/2"]
[WhiteElo "2375"]
[BlackElo "2475"]
[PlyCount "42"]
[EventDate "2007.05.20"]
[EventType "team"]
[EventCountry "RUS"]
[Source "lmi"]
[SourceDate "2007.05.19"]

1. c4 Nf6 2. Nc3 e5 3. Nf3 Nc6 4. d4 exd4 5. Nxd4 Bb4 6. Bg5 h6 7. Bh4 Bxc3+ 8.
bxc3 Ne5 9. f4 Ng6 10. Bxf6 Qxf6 11. g3 Nf8 12. Bg2 Ne6 13. O-O O-O 14. e4 d6
15. Qd2 Bd7 16. Rae1 Rad8 17. Re3 Nc5 18. Nb3 Na4 19. Na5 Nc5 20. Nb3 Na4 21.
Na5 Nc5 1/2-1/2

[Event "Campeoanto del Mundo Femenino Equipos"]
[Site "Ekaterinburg RUS"]
[Date "2007.05.20"]
[Round "1.33"]
[White "Korbut, Ekaterina"]
[Black "Nill, Jessica"]
[Result "1-0"]
[WhiteElo "2429"]
[BlackElo "2283"]
[PlyCount "81"]
[EventDate "2007.05.20"]
[EventType "team"]
[EventCountry "RUS"]
[Source "lmi"]
[SourceDate "2007.05.19"]

1. e4 e5 2. Nf3 d6 3. d4 Nd7 4. Bc4 c6 5. O-O Be7 6. Re1 Ngf6 7. Nbd2 O-O 8. c3
b5 9. Bb3 Qc7 10. Nf1 a5 11. Ng3 Nb6 12. a3 c5 13. h3 c4 14. Bc2 Re8 15. Be3
Bf8 16. Nh4 g6 17. f4 Bg7 18. Qd2 exd4 19. Bxd4 Bb7 20. Qf2 Nbd7 21. Rad1 Re6
22. Nf3 Rae8 23. Re2 Bc6 24. Rde1 Qb7 25. Ng5 R6e7 26. e5 dxe5 27. fxe5 Nd5 28.
N3e4 Qb8 29. Nd6 Rf8 30. Qh4 h6 31. Ngxf7 Rexf7 32. Nxf7 Rxf7 33. Bxg6 Rf4 34.
Qg3 Nf8 35. Be4 Rf7 36. Rf2 Rxf2 37. Qxf2 Qe8 38. e6 Ne7 39. Bxg7 Kxg7 40. Qd4+
Kg8 41. Qf6 1-0

[Event "Campeoanto del Mundo Femenino Equipos"]
[Site "Ekaterinburg RUS"]
[Date "2007.05.20"]
[Round "1.34"]
[White "Schoene, Maria"]
[Black "Kovalevskaya, Ekaterina"]
[Result "0-1"]
[WhiteElo "2151"]
[BlackElo "2432"]
[PlyCount "50"]
[EventDate "2007.05.20"]
[EventType "team"]
[EventCountry "RUS"]
[Source "lmi"]
[SourceDate "2007.05.19"]

1. e4 e5 2. Nf3 Nc6 3. Bb5 a6 4. Ba4 Nf6 5. O-O Be7 6. d3 b5 7. Bb3 d6 8. c3
O-O 9. Re1 Na5 10. Bc2 c5 11. Nbd2 Nc6 12. Nf1 Qc7 13. h3 Bd7 14. Ng3 Rad8 15.
Nh2 d5 16. Qf3 d4 17. Nf5 Bxf5 18. Qxf5 c4 19. Rd1 Qa5 20. Ng4 dxc3 21. Bh6
cxb2 22. Rab1 Qc3 23. Bxg7 Kxg7 24. Qg5+ Kh8 25. Nxf6 Rd6 0-1

[Event "Campeoanto del Mundo Femenino Equipos"]
[Site "Ekaterinburg RUS"]
[Date "2007.05.20"]
[Round "1.44"]
[White "Nemcova, Katerina"]
[Black "Gvetadze, Sopio"]
[Result "1-0"]
[WhiteElo "2164"]
[BlackElo "2411"]
[PlyCount "157"]
[EventDate "2007.05.20"]
[EventType "team"]
[EventCountry "RUS"]
[Source "lmi"]
[SourceDate "2007.05.19"]

1. e4 c5 2. Nf3 g6 3. d4 Bg7 4. dxc5 Qa5+ 5. c3 Qxc5 6. Bd3 d6 7. O-O Nf6 8. h3
O-O 9. Nbd2 Nbd7 10. Nb3 Qc7 11. Qe2 b6 12. Bd2 Bb7 13. Rad1 Rac8 14. Rfe1 Qb8
15. Ba6 Bxa6 16. Qxa6 Ne8 17. Qe2 Nc7 18. Bg5 Rfe8 19. Qd2 Ne6 20. Bh6 Ne5 21.
Nxe5 dxe5 22. Bxg7 Kxg7 23. Qe3 Red8 24. g3 a5 25. Nc1 Nc5 26. Nd3 Nxd3 27.
Rxd3 Rxd3 28. Qxd3 Rd8 29. Qb5 Rd2 30. Re2 Rd1+ 31. Kg2 Qd6 32. a3 f6 33. Qa4
Rc1 34. Qe8 Rd1 35. Qb5 Kf8 36. Rc2 Re1 37. Re2 Rc1 38. Kf3 Rd1 39. Kg2 Rb1 40.
Kf3 Kg7 41. Qe8 Qd3+ 42. Re3 Qd6 43. Re2 Rg1 44. Qb5 Qe6 45. Ke3 f5 46. Qd5 Qf6
47. Kd2 f4 48. gxf4 exf4 49. Kc2 Rh1 50. e5 Qf5+ 51. Kb3 Rxh3 52. Qc6 Qd3 53.
Re4 b5 54. Rxf4 Qd1+ 55. Ka2 Rh1 56. Qa8 Qb1+ 57. Kb3 Qd1+ 58. Ka2 Qb1+ 59. Kb3
Qd1+ 60. Ka2 Qa1+ 61. Kb3 a4+ 62. Kb4 Kh6 63. Ka5 Qd1 64. Qf8+ Kh5 65. Rd4 Qe2
66. f4 Qxb2 67. Qxe7 Qxc3+ 68. Rb4 Kg4 69. f5+ Kg3 70. f6 Qc8 71. f7 Qa8+ 72.
Kb6 Qb8+ 73. Ka6 Qa8+ 74. Qa7 Qc6+ 75. Ka5 Rf1 76. Qe3+ Rf3 77. Qg5+ Kf2 78.
Rb2+ Kf1 79. Qg2+ 1-0

[Event "Campeoanto del Mundo Femenino Equipos"]
[Site "Ekaterinburg RUS"]
[Date "2007.05.20"]
[Round "1.53"]
[White "Gaponenko, Inna"]
[Black "Aginian, Nelly"]
[Result "1-0"]
[WhiteElo "2451"]
[BlackElo "2263"]
[PlyCount "161"]
[EventDate "2007.05.20"]
[EventType "team"]
[EventCountry "RUS"]
[Source "lmi"]
[SourceDate "2007.05.19"]

1. e4 e6 2. d4 d5 3. Nc3 Nf6 4. e5 Nfd7 5. f4 c5 6. Nf3 Nc6 7. Be3 a6 8. Qd2 b5
9. a3 Bb7 10. Bd3 Qb6 11. Qf2 cxd4 12. Nxd4 Nxd4 13. Bxd4 Bc5 14. Ne2 Bxd4 15.
Nxd4 g6 16. O-O O-O 17. c3 Nc5 18. Rad1 Rac8 19. Rfe1 Qd8 20. Bc2 Qe7 21. Re3
Ne4 22. Bxe4 dxe4 23. Ree1 Kh8 24. Ne2 f6 25. exf6 Rxf6 26. Qd4 Qc5 27. Qxc5
Rxc5 28. Rd7 Bd5 29. Ra7 Rc6 30. g3 Kg8 31. Kf2 Rf7 32. Rxf7 Kxf7 33. Ke3 Kf6
34. g4 h6 35. Rd1 Rc7 36. Ng3 Rc4 37. Rd4 Rc6 38. h4 Rc7 39. Nxe4+ Bxe4 40.
Kxe4 Rc5 41. Rd6 a5 42. Rb6 Rc4+ 43. Kf3 Rc5 44. g5+ hxg5 45. hxg5+ Kf7 46.
Rb7+ Kf8 47. Ke4 a4 48. Rd7 Rf5 49. Ra7 Rc5 50. Rd7 Rf5 51. Rc7 Rd5 52. c4 bxc4
53. Rxc4 Ra5 54. Rc7 Ke8 55. Rg7 Rb5 56. Rxg6 Kf7 57. Rf6+ Ke7 58. Rh6 Rxb2 59.
Rh7+ Kf8 60. Ra7 Rb3 61. Ke5 Rf3 62. Rxa4 Kf7 63. Ra7+ Kg6 64. Ke4 Rf1 65. Re7
Re1+ 66. Kf3 Rf1+ 67. Ke3 Re1+ 68. Kf2 Re4 69. Kf3 Re1 70. a4 Rf1+ 71. Ke3 Kf5
72. Rf7+ Kg6 73. Rf6+ Kg7 74. Ke2 Ra1 75. Rxe6 Rxa4 76. Kf3 Kf7 77. Rb6 Kg7 78.
Kg4 Kf7 79. g6+ Kg7 80. Kg5 Ra7 81. f5 1-0

[Event "Campeoanto del Mundo Femenino Equipos"]
[Site "Ekaterinburg RUS"]
[Date "2007.05.21"]
[Round "2.11"]
[White "Le Kieu Thien, Kim"]
[Black "Danielian, Elina"]
[Result "0-1"]
[WhiteElo "2298"]
[BlackElo "2424"]
[PlyCount "94"]
[EventDate "2007.05.20"]
[EventType "team"]
[EventCountry "RUS"]
[Source "lmi"]
[SourceDate "2007.05.19"]
[WhiteTeam "Vietnam"]
[BlackTeam "Armenia"]
[WhiteTeamCountry "VIE"]
[BlackTeamCountry "ARM"]

1. d4 d5 2. Nf3 Nf6 3. c4 dxc4 4. Nc3 a6 5. e3 b5 6. a4 b4 7. Na2 e6 8. Bxc4
Bb7 9. O-O Nbd7 10. Bd2 a5 11. Nc1 Bd6 12. Nb3 O-O 13. Qe2 Qe7 14. Rfc1 c5 15.
Bb5 Rfc8 16. dxc5 Nxc5 17. Nxc5 Bxc5 18. Rc2 Ne4 19. b3 Bd6 20. Rac1 Nc5 21.
Bc4 Be4 22. Ra2 Qb7 23. Rd1 Be7 24. Ne1 Rd8 25. Raa1 Bf6 26. Rac1 Bb2 27. Bxb4
Bxc1 28. Bxc5 Rxd1 29. Qxd1 Bb2 30. f3 Bd5 31. Bb5 Bf6 32. Nd3 Rd8 33. Qc2 Qc7
34. Qb1 Bb7 35. b4 h6 36. bxa5 Qxa5 37. Qb4 Qa8 38. e4 Ba6 39. e5 Bg5 40. h4
Bxb5 41. axb5 Rxd3 42. hxg5 Qa1+ 43. Kf2 Qa2+ 44. Kg1 Rd2 45. Qg4 h5 46. Qxh5
Rxg2+ 47. Kh1 Qe2 0-1

[Event "Campeoanto del Mundo Femenino Equipos"]
[Site "Ekaterinburg RUS"]
[Date "2007.05.21"]
[Round "2.12"]
[White "Mkrtchian, Lilit"]
[Black "Le Thanh Tu"]
[Result "1/2-1/2"]
[WhiteElo "2424"]
[BlackElo "2306"]
[PlyCount "129"]
[EventDate "2007.05.20"]
[EventType "team"]
[EventCountry "RUS"]
[Source "lmi"]
[SourceDate "2007.05.19"]
[WhiteTeam "Armenia"]
[BlackTeam "Vietnam"]
[WhiteTeamCountry "ARM"]
[BlackTeamCountry "VIE"]

1. e4 e6 2. d4 d5 3. Nc3 Nf6 4. e5 Nfd7 5. f4 c5 6. Nf3 Nc6 7. Be3 cxd4 8. Nxd4
Bc5 9. Qd2 O-O 10. O-O-O a6 11. Qf2 Qe7 12. Bd3 Nxd4 13. Bxd4 Bxd4 14. Qxd4 Qc5
15. Ne2 b5 16. Rhe1 b4 17. f5 Qxd4 18. Nxd4 Nc5 19. f6 a5 20. Re3 gxf6 21. exf6
Ba6 22. Nf3 Bxd3 23. cxd3 Nd7 24. Rf1 h6 25. Kd2 Kh7 26. g4 Rg8 27. h3 Rac8 28.
Nd4 Kg6 29. Re2 Rc7 30. Nxe6 fxe6 31. f7 Rf8 32. Rxe6+ Kg7 33. Re7 Rb7 34. g5
hxg5 35. Rf5 Nc5 36. Rxg5+ Kf6 37. Ree5 Rfxf7 38. Rxd5 Na4 39. Rxa5 Ra7 40.
Rgf5+ Ke6 41. Rae5+ Kd6 42. Rd5+ Kc6 43. Kc2 Rg7 44. Rg5 Raf7 45. Kb3 Rxg5 46.
Rxg5 Nc5+ 47. Kc4 Ne6 48. Rg4 Rf2 49. b3 Rxa2 50. Kxb4 Rd2 51. Kc3 Rh2 52. h4
Kd5 53. Ra4 Kc6 54. Rc4+ Kb5 55. b4 Ka4 56. Rc6 Nf4 57. Rh6 Nd5+ 58. Kc4 Nxb4
59. h5 Rc2+ 60. Kd4 Rd2 61. Kc4 Rc2+ 62. Kd4 Rd2 63. Kc4 Rc2+ 64. Kd4 Rd2 65.
Kc4 1/2-1/2

[Event "Campeoanto del Mundo Femenino Equipos"]
[Site "Ekaterinburg RUS"]
[Date "2007.05.21"]
[Round "2.14"]
[White "Aghabekyan, Liana"]
[Black "Pham Le Thao, Nguyen"]
[Result "0-1"]
[WhiteElo "2213"]
[BlackElo "2263"]
[PlyCount "90"]
[EventDate "2007.05.20"]
[EventType "team"]
[EventCountry "RUS"]
[Source "lmi"]
[SourceDate "2007.05.19"]
[WhiteTeam "Armenia"]
[BlackTeam "Vietnam"]
[WhiteTeamCountry "ARM"]
[BlackTeamCountry "VIE"]

1. e4 Nf6 2. Nc3 e5 3. Nf3 Nc6 4. Bb5 Nd4 5. Ba4 Bc5 6. d3 Qe7 7. Bg5 c6 8. O-O
h6 9. Bh4 O-O 10. Nxd4 Bxd4 11. Qd2 d6 12. Rad1 a5 13. Ne2 Ba7 14. c3 Re8 15.
Kh1 Nxe4 16. dxe4 Qxh4 17. f4 Bg4 18. fxe5 dxe5 19. Bb3 Re7 20. Ng3 g6 21. Rc1
Rf8 22. Rc2 Kg7 23. Qe1 Qg5 24. c4 Bb6 25. c5 Bc7 26. Rcf2 h5 27. Ne2 Qe3 28.
h3 Be6 29. Bxe6 Rxe6 30. Qd1 Qxc5 31. Ng3 Qe7 32. Nf5+ gxf5 33. exf5 Rf6 34.
Qxh5 Rh8 35. Qg5+ Kf8 36. Rd2 Rg8 37. Qh4 e4 38. Rfd1 Bd6 39. Qh5 Qe5 40. g4
Qf4 41. Qh4 Rh6 42. Qd8+ Kg7 43. f6+ Kh7 44. Qxd6 Rxh3+ 45. Kg2 Qf3+ 0-1

[Event "Campeoanto del Mundo Femenino Equipos"]
[Site "Ekaterinburg RUS"]
[Date "2007.05.21"]
[Round "2.33"]
[White "Ruan, Lufei"]
[Black "Korbut, Ekaterina"]
[Result "1-0"]
[WhiteElo "2370"]
[BlackElo "2429"]
[PlyCount "71"]
[EventDate "2007.05.20"]
[EventType "team"]
[EventCountry "RUS"]
[Source "lmi"]
[SourceDate "2007.05.19"]
[WhiteTeam "China"]
[BlackTeam "Russia"]
[WhiteTeamCountry "CHN"]
[BlackTeamCountry "RUS"]

1. e4 c5 2. Nf3 d6 3. d4 cxd4 4. Nxd4 Nf6 5. Nc3 a6 6. Be2 e5 7. Nb3 Be7 8. Be3
Be6 9. Nd5 Nbd7 10. Qd3 Bxd5 11. exd5 O-O 12. g4 Nc5 13. Nxc5 dxc5 14. O-O-O
Bd6 15. g5 e4 16. Qd2 Nd7 17. h4 f5 18. gxf6 Qxf6 19. Rdg1 Ne5 20. Rg2 Nf3 21.
Qd1 Bf4 22. Rg4 Qe5 23. Kb1 Bxe3 24. fxe3 b5 25. c4 bxc4 26. Bxc4 Rab8 27. Qc2
h5 28. Rg6 Rb4 29. Rd1 a5 30. d6+ Kh8 31. Rd5 Rfb8 32. b3 a4 33. Rg5 Rxc4 34.
Qxc4 Qe6 35. Rxh5+ Kg8 36. d7 1-0

[Event "Campeoanto del Mundo Femenino Equipos"]
[Site "Ekaterinburg RUS"]
[Date "2007.05.21"]
[Round "2.41"]
[White "Sabure, Tuduetso"]
[Black "Javakhishvili, Lela"]
[Result "0-1"]
[WhiteElo "2067"]
[BlackElo "2425"]
[PlyCount "56"]
[EventDate "2007.05.20"]
[EventType "team"]
[EventCountry "RUS"]
[Source "lmi"]
[SourceDate "2007.05.19"]
[WhiteTeam "Botswana"]
[BlackTeam "Georgia"]
[WhiteTeamCountry "BOT"]
[BlackTeamCountry "GEO"]

1. e4 c5 2. Nf3 e6 3. d4 cxd4 4. Nxd4 Nc6 5. Nxc6 bxc6 6. Be2 Nf6 7. Nd2 d5 8.
exd5 cxd5 9. O-O Bd6 10. b3 Qc7 11. g3 O-O 12. Bb2 e5 13. c4 d4 14. Bf3 Bb7 15.
Bxb7 Qxb7 16. f4 Bc5 17. fxe5 d3+ 18. Rf2 Ne4 19. Nxe4 Qxe4 20. Qe1 Qc6 21. Qc3
Rad8 22. e6 Bxf2+ 23. Kxf2 fxe6+ 24. Kg1 Rf7 25. Qd2 Qc5+ 26. Kg2 Rdf8 27. Qxd3
Rf2+ 28. Kh1 Qc6+ 0-1

[Event "Campeoanto del Mundo Femenino Equipos"]
[Site "Ekaterinburg RUS"]
[Date "2007.05.21"]
[Round "2.43"]
[White "Sabure, Ontiretse"]
[Black "Khukhashvili, Sopiko"]
[Result "0-1"]
[WhiteElo "2067"]
[BlackElo "2334"]
[PlyCount "82"]
[EventDate "2007.05.20"]
[EventType "team"]
[EventCountry "RUS"]
[Source "lmi"]
[SourceDate "2007.05.19"]
[WhiteTeam "Botswana"]
[BlackTeam "Georgia"]
[WhiteTeamCountry "BOT"]
[BlackTeamCountry "GEO"]

1. e4 c5 2. Nf3 d6 3. d4 cxd4 4. Nxd4 Nf6 5. Nc3 Nc6 6. Be3 e6 7. Be2 Be7 8.
O-O O-O 9. a3 a6 10. Kh1 Qc7 11. Qe1 Na5 12. f4 b5 13. Rd1 Bb7 14. Bf3 Nc4 15.
Bc1 Rac8 16. f5 e5 17. Nde2 Qb6 18. Ng3 Qc7 19. Nh5 Nxh5 20. Bxh5 Bf6 21. g4
Qe7 22. Rg1 Bh4 23. Qf1 Bg5 24. f6 Qxf6 25. Qxf6 gxf6 26. Bxg5 fxg5 27. Nd5 Kg7
28. Ne7 Bxe4+ 29. Rg2 Bxg2+ 30. Kg1 Be4 31. Nxc8 Rxc8 32. b3 Nxa3 33. Rxd6 Nxc2
34. Rxa6 Nd4 35. Ra7 Rc1+ 36. Kf2 Rc2+ 37. Ke1 Bd5 38. Re7 Bxb3 39. h4 gxh4 40.
g5 h3 41. Rxe5 h2 0-1

[Event "Campeoanto del Mundo Femenino Equipos"]
[Site "Ekaterinburg RUS"]
[Date "2007.05.21"]
[Round "2.54"]
[White "Szczepkowska, Karina"]
[Black "Ohme, Melanie"]
[Result "1-0"]
[WhiteElo "2324"]
[BlackElo "2225"]
[PlyCount "109"]
[EventDate "2007.05.20"]
[EventType "team"]
[EventCountry "RUS"]
[Source "lmi"]
[SourceDate "2007.05.19"]
[WhiteTeam "Poland"]
[BlackTeam "Germany"]
[WhiteTeamCountry "POL"]
[BlackTeamCountry "GER"]

1. e4 c5 2. Nc3 g6 3. Nf3 Bg7 4. d4 cxd4 5. Nxd4 Nc6 6. Be3 d6 7. Be2 Nf6 8. h3
O-O 9. Qd2 Bd7 10. O-O Rc8 11. f4 a6 12. Nf3 b5 13. a3 Qc7 14. Rad1 Rfd8 15.
Qe1 b4 16. Nd5 Nxd5 17. exd5 Nb8 18. Qxb4 Qxc2 19. Rd2 Qa4 20. Qxa4 Bxa4 21.
Bd4 Bxd4+ 22. Rxd4 Bb5 23. Re1 Kf8 24. Bd1 Rc5 25. Ng5 h6 26. Ne4 Rc4 27. Rxc4
Bxc4 28. Nc3 Rc8 29. Ba4 Rc7 30. Re4 e6 31. Bc6 Bd3 32. Rd4 Bc2 33. Ba4 Bxa4
34. Rxa4 exd5 35. Nxd5 Rc5 36. Nc3 f5 37. Kf2 Ke7 38. Ke3 a5 39. Rd4 Nc6 40.
Rd5 Ke6 41. Rxc5 dxc5 42. Kd3 g5 43. g3 gxf4 44. gxf4 Ne7 45. Kc4 Ng6 46. Ne2
Kd6 47. Kb5 Kd5 48. Kxa5 Ke4 49. Kb6 Nxf4 50. Ng3+ Ke5 51. a4 Nd3 52. a5 f4 53.
Nf1 Nxb2 54. a6 Nc4+ 55. Kxc5 1-0

[Event "Campeoanto del Mundo Femenino Equipos"]
[Site "Ekaterinburg RUS"]
[Date "2007.05.22"]
[Round "3.12"]
[White "Le Thanh Tu"]
[Black "Kosintseva, Nadezhda"]
[Result "1/2-1/2"]
[WhiteElo "2306"]
[BlackElo "2475"]
[PlyCount "116"]
[EventDate "2007.05.20"]
[EventType "team"]
[EventCountry "RUS"]
[Source "lmi"]
[SourceDate "2007.05.19"]
[WhiteTeam "Vietnam"]
[BlackTeam "Russia"]
[WhiteTeamCountry "VIE"]
[BlackTeamCountry "RUS"]

1. d4 Nf6 2. c4 e6 3. Nf3 d5 4. g3 Bb4+ 5. Bd2 Be7 6. Bg2 O-O 7. Qc2 c6 8. O-O
b6 9. b3 Nbd7 10. Bf4 Bb7 11. Nc3 Rc8 12. e4 Ba6 13. Nd2 b5 14. Rfd1 dxc4 15.
bxc4 bxc4 16. Na4 c5 17. d5 e5 18. Be3 Ng4 19. Nf1 Bd6 20. h3 Nxe3 21. Nxe3 Rb8
22. Nb2 Nb6 23. Bf1 Qd7 24. Kh2 g6 25. Nbxc4 Bxc4 26. Nxc4 Nxc4 27. Bxc4 f5 28.
Rd2 Rf7 29. Rb1 Rbf8 30. Rb2 Qe7 31. Bf1 Qg5 32. Bg2 Kh8 33. Qa4 h5 34. Qc6 Qe7
35. h4 Kg7 36. Kg1 Qf6 37. Rb7 Rxb7 38. Qxb7+ Rf7 39. Qa6 Kh6 40. Rb2 f4 41.
Rb7 Rxb7 42. Qxb7 fxg3 43. fxg3 Qg7 44. Qxg7+ Kxg7 45. Bf1 g5 46. hxg5 Kg6 47.
Kf2 Kxg5 48. Kf3 Bc7 49. Be2 h4 50. gxh4+ Kxh4 51. Ba6 Kg5 52. Bc4 Kf6 53. Kg4
Ke7 54. Kf5 Kd6 55. Kf6 Bd8+ 56. Kf5 Bh4 57. Be2 Bd8 58. Bc4 Bh4 1/2-1/2

[Event "Campeoanto del Mundo Femenino Equipos"]
[Site "Ekaterinburg RUS"]
[Date "2007.05.22"]
[Round "3.13"]
[White "Kovalevskaya, Ekaterina"]
[Black "Hoang Thi Bao, Tram"]
[Result "1-0"]
[WhiteElo "2432"]
[BlackElo "2317"]
[PlyCount "115"]
[EventDate "2007.05.20"]
[EventType "team"]
[EventCountry "RUS"]
[Source "lmi"]
[SourceDate "2007.05.19"]
[WhiteTeam "Russia"]
[BlackTeam "Vietnam"]
[WhiteTeamCountry "RUS"]
[BlackTeamCountry "VIE"]

1. e4 e5 2. Nf3 Nf6 3. Nc3 Nc6 4. g3 Bc5 5. Bg2 d6 6. d3 O-O 7. Na4 Re8 8. O-O
Be6 9. h3 Qd7 10. Kh2 a6 11. Nxc5 dxc5 12. b3 h6 13. Be3 b6 14. Nh4 Qe7 15. Qd2
Nh7 16. Rae1 Rad8 17. Nf3 Qd6 18. Qc1 Kh8 19. Ng1 Nd4 20. f4 exf4 21. Bxf4 Qe7
22. Nf3 Nxf3+ 23. Rxf3 Bc8 24. Rff1 Qd7 25. Qb2 Kg8 26. Be5 f6 27. Bf4 Bb7 28.
Qc3 Re7 29. Qd2 Qe8 30. Qf2 Qg6 31. Bd2 Rde8 32. Bf3 Ng5 33. Bg4 Bc8 34. Bxc8
Rxc8 35. Bxg5 hxg5 36. Qf5 Qxf5 37. Rxf5 Rce8 38. g4 Re5 39. Kg3 Kf7 40. Rxe5
Rxe5 41. Rh1 b5 42. Kf3 Re8 43. h4 Rh8 44. h5 a5 45. Ke3 Ra8 46. Rf1 Re8 47. c3
g6 48. hxg6+ Kxg6 49. Rf5 Re5 50. d4 cxd4+ 51. cxd4 Rxf5 52. exf5+ Kf7 53. Ke4
c6 54. d5 Ke7 55. dxc6 Kd6 56. c7 Kxc7 57. Kd5 Kd7 58. a3 1-0

[Event "Campeoanto del Mundo Femenino Equipos"]
[Site "Ekaterinburg RUS"]
[Date "2007.05.22"]
[Round "3.22"]
[White "Kachiani Gersinska, Ketino"]
[Black "Javakhishvili, Lela"]
[Result "1/2-1/2"]
[WhiteElo "2375"]
[BlackElo "2425"]
[PlyCount "29"]
[EventDate "2007.05.20"]
[EventType "team"]
[EventCountry "RUS"]
[Source "lmi"]
[SourceDate "2007.05.19"]
[WhiteTeam "Germany"]
[BlackTeam "Georgia"]
[WhiteTeamCountry "GER"]
[BlackTeamCountry "GEO"]

1. c4 Nf6 2. Nc3 e6 3. e4 d5 4. e5 d4 5. exf6 dxc3 6. bxc3 Qxf6 7. d4 b6 8. Be2
Bb7 9. Bf3 Bxf3 10. Nxf3 Bd6 11. Qa4+ c6 12. Bg5 Qf5 13. O-O O-O 14. Rab1 Qd3
15. Rfc1 1/2-1/2

[Event "Campeoanto del Mundo Femenino Equipos"]
[Site "Ekaterinburg RUS"]
[Date "2007.05.22"]
[Round "3.23"]
[White "Khurtsidze, Nino"]
[Black "Ohme, Melanie"]
[Result "1-0"]
[WhiteElo "2469"]
[BlackElo "2225"]
[PlyCount "93"]
[EventDate "2007.05.20"]
[EventType "team"]
[EventCountry "RUS"]
[Source "lmi"]
[SourceDate "2007.05.19"]
[WhiteTeam "Georgia"]
[BlackTeam "Germany"]
[WhiteTeamCountry "GEO"]
[BlackTeamCountry "GER"]

1. Nf3 Nf6 2. c4 g6 3. b4 Bg7 4. Bb2 O-O 5. e3 d6 6. d4 e5 7. Be2 Nbd7 8. Nc3
Re8 9. O-O e4 10. Nd2 Nf8 11. a4 h5 12. a5 N8h7 13. a6 bxa6 14. Qc2 Ng5 15. h4
Ngh7 16. Ncxe4 Nxe4 17. Nxe4 Qxh4 18. Nd2 Qe7 19. Bf3 Rb8 20. b5 h4 21. Bc6 Rf8
22. Bc3 Nf6 23. bxa6 Rb6 24. Bf3 Rxa6 25. Rxa6 Bxa6 26. Ra1 Bc8 27. Rxa7 Bf5
28. Qb3 h3 29. Ba5 Ng4 30. gxh3 Nh6 31. Bg2 Qg5 32. Nf3 Qh5 33. Bxc7 Bxh3 34.
Bxd6 Nf5 35. Bg3 Bh6 36. e4 Nxg3 37. fxg3 Qg4 38. Nh2 Qc8 39. Nf1 Be6 40. Ra4
Qc7 41. Qc3 Rb8 42. c5 Rb3 43. Ra8+ Kh7 44. Qa5 Qd7 45. Qd8 Bg7 46. Qxd7 Bxd7
47. e5 1-0

[Event "Campeoanto del Mundo Femenino Equipos"]
[Site "Ekaterinburg RUS"]
[Date "2007.05.22"]
[Round "3.31"]
[White "Socko, Monika"]
[Black "Zhao Xue"]
[Result "0-1"]
[WhiteElo "2481"]
[BlackElo "2467"]
[PlyCount "58"]
[EventDate "2007.05.20"]
[EventType "team"]
[EventCountry "RUS"]
[Source "lmi"]
[SourceDate "2007.05.19"]
[WhiteTeam "Poland"]
[BlackTeam "China"]
[WhiteTeamCountry "POL"]
[BlackTeamCountry "CHN"]

1. d4 d5 2. c4 e6 3. Nc3 Bb4 4. Qa4+ Nc6 5. Nf3 Nf6 6. e3 O-O 7. Bd2 a6 8. Rd1
Re8 9. a3 Bd6 10. Qc2 h6 11. b4 dxc4 12. Bxc4 e5 13. Qb3 Qe7 14. d5 e4 15. dxc6
exf3 16. Nd5 Nxd5 17. Bxd5 fxg2 18. Bxg2 b5 19. Bc3 Qg5 20. Bf3 Rxe3+ 21. fxe3
Qxe3+ 22. Be2 Bg4 23. Rd2 Be5 24. Bxe5 Qxb3 25. Bxg4 Re8 26. O-O Qe3+ 27. Rdf2
Rxe5 28. Kh1 Qd4 29. Bf3 Re1 0-1